Condensed Chemical Dictionary (Record no. 84558)

MARC details
000 -LEADER
fixed length control field 00492nam a2200145Ia 4500
008 - FIXED-LENGTH DATA ELEMENTS--GENERAL INFORMATION
fixed length control field 211109s9999||||xx |||||||||||||| ||und||
082 ## - DEWEY DECIMAL CLASSIFICATION NUMBER
Classification number 543.03
Item number CHE-C
100 ## - MAIN ENTRY--PERSONAL NAME
Personal name Checker, S K
245 #0 - TITLE STATEMENT
Title Condensed Chemical Dictionary
260 ## - PUBLICATION, DISTRIBUTION, ETC.
Name of publisher, distributor, etc. Small Industry Research Institute
Place of publication, distribution, etc. Delhi
Date of publication, distribution, etc. 1900
300 ## - PHYSICAL DESCRIPTION
Extent 31p.
630 ## - SUBJECT ADDED ENTRY--UNIFORM TITLE
General subdivision Reference reading room
650 ## - SUBJECT ADDED ENTRY--TOPICAL TERM
Topical term or geographic name entry element Natural science & Mathematics
942 ## - ADDED ENTRY ELEMENTS (KOHA)
Koha item type BOOK
650 ## - SUBJECT ADDED ENTRY--TOPICAL TERM
Form subdivision Chemistry & allied Sciences
General subdivision Analytical ChemistryNatural science & MathematicsGeneralia
Holdings
Withdrawn status Lost status Damaged status Not for loan Home library Current library Date acquired Cost, normal purchase price Total Checkouts Full call number Barcode Shelving location Date last seen Price effective from Koha item type
        SB LIBRARY SB LIBRARY 09/11/2021 100.00   543.03 CHE-C 00069321 REFERENCE READING ROOM 09/11/2021 09/11/2021 BOOK

Powered by Koha